[Event "Namangan op"]
[Site "Namangan"]
[Date "2025.05.30"]
[Round "2"]
[White "Galyamov, Vildan"]
[Black "Volkov, Sergey"]
[Result "0-1"]
[WhiteElo "2122"]
[BlackElo "2419"]
[PlyCount "96"]
[EventDate "2025.05.29"]
[EventType "swiss"]
[EventRounds "9"]
[EventCountry "UZB"]
[SourceTitle "CB23_2025"]
[SourceDate "2025.06.04"]
[SourceVersion "1"]
[SourceVersionDate "2025.06.04"]
[SourceQuality "1"]

1. e4 c6 2. b3 d5 3. Bb2 dxe4 4. Nc3 Nf6 5. Nge2 g6 6. h3 h5 7. Ng3 Bg7 8. Qe2 h4 9. Ngxe4 Nxe4 10. Qxe4 Bf5 11. Qe2 Na6 12. d3 Nb4 13. a3 Nd5 14. Nd1 Bxb2 15. Nxb2 Qc7 16. Nc4 0-0-0 17. Qe5 Qd7 18. 0-0-0 f6 19. Qd4 Kb8 20. Be2 e5 21. Qb2 Nf4 22. Bf3 Be6 23. Ne3 Bd5 24. Nxd5 cxd5 25. Bg4 Qc7 26. g3 hxg3 27. fxg3 Ng2 28. Bf3 Ne3 29. Rde1 d4 30. Kb1 f5 31. Qc1 e4 32. dxe4 Qxg3 33. Rxe3 dxe3 34. Qxe3 Rhe8 35. Qe2 fxe4 36. Bg4 e3 37. Rd1 a6 38. Ka2 Qf2 39. Rxd8+ Rxd8 40. Qc4 Qd2 41. a4 Re8 42. Be2 g5 43. Kb2 Rc8 44. Qd3 Qxd3 45. cxd3 Rc6 46. d4 Kc7 47. Bf3 Kd6 48. Bxc6 e2 0-1

[Event "Titled Tuesday intern op 25th Mar Early"]
[Site "Chess.com INT"]
[Date "2025.03.25"]
[Round "2"]
[White "Ortiz Verdesoto, Anahi Eduarda"]
[Black "Volkov, Sergey"]
[Result "0-1"]
[WhiteElo "2218"]
[BlackElo "2413"]
[PlyCount "94"]
[EventDate "2025.03.25"]
[EventType "swiss (blitz)"]
[EventRounds "11"]
[EventCountry "USA"]
[SourceTitle "CB14_2025"]
[SourceDate "2024.11.01"]
[SourceVersion "1"]
[SourceVersionDate "2024.11.01"]
[SourceQuality "1"]

1. d4 d5 2. c4 c6 3. Nf3 Nf6 4. cxd5 cxd5 5. Nc3 Nc6 6. Bf4 Nh5 7. Be5 e6 8. e3 Be7 9. Bd3 0-0 10. 0-0 Bd7 11. a3 Rc8 12. Rc1 Nxe5 13. Nxe5 Nf6 14. b4 a5 15. Qb3 axb4 16. axb4 Qb6 17. b5 Qa5 18. Na4 Rxc1 19. Rxc1 Ra8 20. Nc5 Bc8 21. Be2 Qd2 22. Qd1 Qxd1+ 23. Bxd1 Kf8 24. h3 b6 25. Na4 Bd8 26. Nc6 Bc7 27. Nb4 Ne8 28. Bb3 Bd7 29. Na6 Bd8 30. Nc3 Nd6 31. Ba4 Rc8 32. Rc2 Nc4 33. Na2 Be7 34. N2b4 Bxb4 35. Nxb4 Nd6 36. Nc6 Bxc6 37. bxc6 b5 38. Bb3 Nc4 39. e4 Rxc6 40. exd5 exd5 41. g3 Ke7 42. Kg2 Kd6 43. Re2 Rc8 44. Bc2 Ra8 45. Bxh7 g6 46. h4 Rh8 47. Bxg6 fxg6 0-1

[Event "Titled Tuesday intern op 11th Mar Late"]
[Site "Chess.com INT"]
[Date "2025.03.11"]
[Round "1"]
[White "King Rodriguez, Os Misael"]
[Black "Volkov, Sergey"]
[Result "0-1"]
[WhiteElo "2045"]
[BlackElo "2413"]
[PlyCount "77"]
[EventDate "2025.03.11"]
[EventType "swiss (blitz)"]
[EventRounds "11"]
[EventCountry "USA"]
[SourceTitle "CB12_2025"]
[SourceDate "2025.03.19"]
[SourceVersion "1"]
[SourceVersionDate "2025.03.19"]
[SourceQuality "1"]

1. b3 Nf6 2. Bb2 d5 3. Nf3 Bf5 4. e3 e6 5. c4 Be7 6. Be2 0-0 7. 0-0 Nbd7 8. d4 h6 9. Nbd2 c5 10. cxd5 exd5 11. Ne5 cxd4 12. exd4 Ne4 13. Ndf3 Ndf6 14. Rc1 Qa5 15. a4 Rac8 16. Bd3 Rxc1 17. Qxc1 Rc8 18. Qb1 Qb4 19. Ba1 a6 20. h3 Bd6 21. Re1 Bb8 22. Re2 Ba7 23. Rc2 Bb6 24. g4 Be6 25. Rxc8+ Bxc8 26. Qc1 Be6 27. g5 Nxg5 28. Nxg5 hxg5 29. Qxg5 Qe1+ 30. Kg2 Qxa1 31. Qh4 Qxd4 32. Qg3 Ne4 33. Bxe4 Qxe4+ 34. Nf3 Qg6 35. Qxg6 fxg6 36. Kg3 Bc7+ 37. Kh4 Bf5 38. Nd4 Kf7 39. f3 0-1

[Event "Titled Tuesday intern op 11th Mar Late"]
[Site "Chess.com INT"]
[Date "2025.03.11"]
[Round "10"]
[White "Klukin, Kirill"]
[Black "Volkov, Sergey"]
[Result "1-0"]
[WhiteElo "2430"]
[BlackElo "2413"]
[PlyCount "133"]
[EventDate "2025.03.11"]
[EventType "swiss (blitz)"]
[EventRounds "11"]
[EventCountry "USA"]
[SourceTitle "CB12_2025"]
[SourceDate "2025.03.19"]
[SourceVersion "1"]
[SourceVersionDate "2025.03.19"]
[SourceQuality "1"]

1. d4 d5 2. c4 c6 3. Nf3 Nf6 4. Nc3 a6 5. e3 b5 6. b3 Bg4 7. Bd3 e6 8. 0-0 Nbd7 9. Bb2 Be7 10. h3 Bh5 11. Rc1 0-0 12. Ne2 Bxf3 13. gxf3 bxc4 14. bxc4 Rb8 15. Bc3 dxc4 16. Bxc4 c5 17. Bxa6 Nd5 18. Ba1 Qa5 19. Bc4 N7b6 20. Bb3 c4 21. Bxc4 Nxc4 22. Rxc4 Qxa2 23. Ra4 Qb3 24. Qxb3 Rxb3 25. Rc4 f5 26. f4 Ra8 27. Rfc1 Ra2 28. R4c2 Rba3 29. Rxa2 Rxa2 30. Kf1 Bh4 31. Bc3 h6 32. Be1 Kf7 33. Nc3 Nxc3 34. Rxc3 g5 35. fxg5 hxg5 36. Rd3 Ra1 37. Ke2 g4 38. hxg4 fxg4 39. Rd1 Ra2+ 40. Rd2 Ra1 41. Rc2 Kg6 42. Rc6 Kf7 43. Rc2 Kg6 44. Bc3 Ra4 45. Kd3 Kf5 46. Rb2 Ra3 47. Kc4 Ke4 48. Rb6 Bxf2 49. Rxe6+ Kf3 50. d5 g3 51. Rf6+ Ke2 52. Rg6 Ra8 53. Be5 Kf3 54. d6 g2 55. Bh2 Rh8 56. d7 Rd8 57. Rg7 Bxe3 58. Kb5 Rh8 59. Kc6 Rh6+ 60. Kb7 Rh8 61. Rf7+ Ke2 62. Re7 Rxh2 63. d8Q g1Q 64. Qd5 Qb1+ 65. Kc8 Qc2+ 66. Kd7 Qa4+ 67. Kc8 1-0

[Event "Titled Tuesday intern op 11th Mar Late"]
[Site "Chess.com INT"]
[Date "2025.03.11"]
[Round "8"]
[White "Perske, Thore"]
[Black "Volkov, Sergey"]
[Result "0-1"]
[WhiteElo "2455"]
[BlackElo "2413"]
[PlyCount "32"]
[EventDate "2025.03.11"]
[EventType "swiss (blitz)"]
[EventRounds "11"]
[EventCountry "USA"]
[SourceTitle "CB12_2025"]
[SourceDate "2025.03.19"]
[SourceVersion "1"]
[SourceVersionDate "2025.03.19"]
[SourceQuality "1"]

1. d4 d5 2. c4 c6 3. Nf3 Nf6 4. Nc3 a6 5. a4 e6 6. g3 dxc4 7. Bg2 c5 8. 0-0 cxd4 9. Qxd4 Qxd4 10. Nxd4 Nbd7 11. a5 Nc5 12. Bf4 Bd7 13. Rfd1 Rc8 14. Rac1 Be7 15. e4 Nd3 16. Rc2 e5 0-1

[Event "Titled Tuesday intern op 11th Mar Late"]
[Site "Chess.com INT"]
[Date "2025.03.11"]
[Round "3"]
[White "Volkov, Sergey"]
[Black "Khader, Aram"]
[Result "1-0"]
[WhiteElo "2413"]
[BlackElo "2097"]
[PlyCount "85"]
[EventDate "2025.03.11"]
[EventType "swiss (blitz)"]
[EventRounds "11"]
[EventCountry "USA"]
[SourceTitle "CB12_2025"]
[SourceDate "2025.03.19"]
[SourceVersion "1"]
[SourceVersionDate "2025.03.19"]
[SourceQuality "1"]

1. d4 d5 2. c4 dxc4 3. e3 Nf6 4. Bxc4 e6 5. Nf3 a6 6. 0-0 b5 7. Be2 c5 8. a4 b4 9. Nbd2 Nc6 10. Nc4 Na5 11. Nfe5 Bb7 12. Bf3 Bxf3 13. Qxf3 Nxc4 14. Qc6+ Nd7 15. Nxc4 Qc8 16. Nd6+ Bxd6 17. Qxd6 cxd4 18. Qxb4 d3 19. Bd2 a5 20. Qd4 Nf6 21. Qxd3 0-0 22. Rfc1 Qb7 23. Bc3 Rfd8 24. Qb5 Qa7 25. Qg5 Ne8 26. Bd4 Qb7 27. Rc5 f6 28. Rb5 Qd7 29. Qg4 Nd6 30. Bxf6 Nxb5 31. Bxd8 Rxd8 32. axb5 Qxb5 33. Qxe6+ Kh8 34. h3 Qxb2 35. Rxa5 h6 36. Rd5 Rf8 37. f4 Ra8 38. Kh2 Qb8 39. Qe5 Qf8 40. Rd7 Re8 41. Qd4 Rc8 42. f5 Kh7 43. f6 1-0

[Event "Titled Tuesday intern op 11th Mar Early"]
[Site "Chess.com INT"]
[Date "2025.03.11"]
[Round "9"]
[White "Volkov, Sergey"]
[Black "Lai, Duc Minh1"]
[Result "1-0"]
[WhiteElo "2413"]
[BlackElo "2072"]
[PlyCount "29"]
[EventDate "2025.03.11"]
[EventType "swiss (blitz)"]
[EventRounds "11"]
[EventCountry "USA"]
[SourceTitle "CB12_2025"]
[SourceDate "2025.03.19"]
[SourceVersion "1"]
[SourceVersionDate "2025.03.19"]
[SourceQuality "1"]

1. d4 d6 2. Nf3 f5 3. Nc3 Nf6 4. Bg5 Nbd7 5. Qd3 e6 6. e4 fxe4 7. Nxe4 Be7 8. Nxf6+ Bxf6 9. h4 0-0 10. 0-0-0 h6 11. Kb1 a5 12. Qe4 Nb6 13. Bd3 Re8 14. Qh7+ Kf8 15. Bg6 1-0

[Event "Titled Tuesday intern op 11th Mar Late"]
[Site "Chess.com INT"]
[Date "2025.03.11"]
[Round "5"]
[White "Volkov, Sergey"]
[Black "Pajcin, Lav"]
[Result "1-0"]
[WhiteElo "2413"]
[BlackElo "2243"]
[PlyCount "61"]
[EventDate "2025.03.11"]
[EventType "swiss (blitz)"]
[EventRounds "11"]
[EventCountry "USA"]
[SourceTitle "CB12_2025"]
[SourceDate "2025.03.19"]
[SourceVersion "1"]
[SourceVersionDate "2025.03.19"]
[SourceQuality "1"]

1. d4 Nf6 2. c4 e6 3. Nc3 Bb4 4. f3 c5 5. a3 Bxc3+ 6. bxc3 d6 7. e4 Nc6 8. Be3 b6 9. Bd3 0-0 10. Ne2 Qe8 11. Ng3 Ba6 12. Qe2 Rc8 13. 0-0 cxd4 14. cxd4 e5 15. Nf5 Qd7 16. Bg5 Qd8 17. Qf2 h6 18. Bxh6 gxh6 19. Nxh6+ Kh7 20. f4 Kxh6 21. fxe5 Ng4 22. Qg3 Qg5 23. Rf4 Ngxe5 24. Qh3+ Kg6 25. Raf1 Rh8 26. Qe3 Nxd3 27. Qxd3 f6 28. Qf3 Kf7 29. Rxf6+ Ke8 30. Rxd6 Ne7 31. Qf7# 1-0

[Event "Titled Tuesday intern op 04th Mar Early"]
[Site "Chess.com INT"]
[Date "2025.03.04"]
[Round "11"]
[White "Belov, Alexei"]
[Black "Volkov, Sergey"]
[Result "0-1"]
[WhiteElo "2421"]
[BlackElo "2413"]
[PlyCount "94"]
[EventDate "2025.03.04"]
[EventType "swiss (blitz)"]
[EventRounds "11"]
[EventCountry "USA"]
[SourceTitle "CB11_2025"]
[SourceDate "2025.03.12"]
[SourceVersion "1"]
[SourceVersionDate "2025.03.12"]
[SourceQuality "1"]

1. e4 e6 2. d4 d5 3. Nd2 Nf6 4. e5 Nfd7 5. c3 c5 6. Bd3 Nc6 7. Ne2 cxd4 8. cxd4 f6 9. exf6 Nxf6 10. Nf3 Bd6 11. 0-0 0-0 12. Bf4 Bxf4 13. Nxf4 Ng4 14. g3 g5 15. Ng2 Qf6 16. Be2 Nh6 17. Ne3 Bd7 18. Qd2 Nf7 19. Ng4 Qg7 20. Qe3 h5 21. Nge5 Nfxe5 22. Nxe5 Nxe5 23. dxe5 Rf5 24. Bxh5 g4 25. Bxg4 Qxg4 26. f4 Bc6 27. Qd4 Raf8 28. Rf2 Rh5 29. a4 Qg6 30. Re1 Rf7 31. Qxa7 d4 32. Qxd4 Qxg3+ 33. Kf1 Qh3+ 34. Ke2 Qg4+ 35. Kf1 Rd7 36. Qe3 Rh3 37. Qe2 Qxe2+ 38. Rexe2 Bxa4 39. Rd2 Rxd2 40. Rxd2 Bc6 41. Rd4 Kf7 42. b4 Kg6 43. Kf2 Kf5 44. Ke2 Rxh2+ 45. Kd3 Rf2 46. Ke3 Rf3+ 47. Ke2 Rxf4 0-1

[Event "Titled Tuesday intern op 04th Mar Early"]
[Site "Chess.com INT"]
[Date "2025.03.04"]
[Round "3"]
[White "Volkov, Sergey"]
[Black "Antipov, Mikhail Al"]
[Result "0-1"]
[WhiteElo "2413"]
[BlackElo "2571"]
[PlyCount "36"]
[EventDate "2025.03.04"]
[EventType "swiss (blitz)"]
[EventRounds "11"]
[EventCountry "USA"]
[SourceTitle "CB11_2025"]
[SourceDate "2025.03.12"]
[SourceVersion "1"]
[SourceVersionDate "2025.03.12"]
[SourceQuality "1"]

1. d4 Nf6 2. c4 e6 3. Nc3 Bb4 4. f3 0-0 5. a3 Bxc3+ 6. bxc3 Ne8 7. e4 b6 8. Bd3 Nc6 9. Nh3 e5 10. Be3 Qf6 11. 0-0 exd4 12. cxd4 Nxd4 13. e5 Qxe5 14. Be4 Nc6 15. Re1 Qa5 16. Bd2 Qc5+ 17. Be3 Qxc4 18. Rc1 Qa6 0-1

[Event "Titled Tuesday intern op 04th Mar Early"]
[Site "Chess.com INT"]
[Date "2025.03.04"]
[Round "10"]
[White "Volkov, Sergey"]
[Black "Huston, Gus"]
[Result "0-1"]
[WhiteElo "2413"]
[BlackElo "2360"]
[PlyCount "46"]
[EventDate "2025.03.04"]
[EventType "swiss (blitz)"]
[EventRounds "11"]
[EventCountry "USA"]
[SourceTitle "CB11_2025"]
[SourceDate "2025.03.12"]
[SourceVersion "1"]
[SourceVersionDate "2025.03.12"]
[SourceQuality "1"]

1. d4 d5 2. c4 dxc4 3. e4 e5 4. Nf3 Bb4+ 5. Nc3 exd4 6. Qxd4 Qxd4 7. Nxd4 Bc5 8. Ndb5 Na6 9. Bf4 Be6 10. Nxc7+ Nxc7 11. Bxc7 Nf6 12. f4 Rc8 13. f5 Rxc7 14. fxe6 fxe6 15. Bxc4 Bb4 16. Bxe6 Nxe4 17. 0-0 Bc5+ 18. Kh1 Nf2+ 19. Kg1 Re7 20. Bd5 Rf8 21. g3 Nd1+ 22. Kg2 Ne3+ 23. Kg1 Nxf1+ 0-1

[Event "Titled Tuesday intern op 25th Feb Early"]
[Site "Chess.com INT"]
[Date "2025.02.25"]
[Round "11"]
[White "Djordjevic, Vuk D"]
[Black "Volkov, Sergey"]
[Result "0-1"]
[WhiteElo "2350"]
[BlackElo "2397"]
[PlyCount "115"]
[EventDate "2025.02.25"]
[EventType "swiss (blitz)"]
[EventRounds "11"]
[EventCountry "USA"]
[SourceTitle "CB10_2025"]
[SourceDate "2025.03.05"]
[SourceVersion "1"]
[SourceVersionDate "2025.03.05"]
[SourceQuality "1"]

1. d4 d5 2. Bf4 c5 3. e3 Nc6 4. c3 Nf6 5. Nd2 Bf5 6. Ngf3 e6 7. Bb5 Nd7 8. Qa4 Qb6 9. dxc5 Nxc5 10. Bxc6+ bxc6 11. Qd1 Nd3+ 12. Kf1 Nxb2 13. Qb3 c5 14. h3 c4 15. Qxb6 Bd3+ 16. Kg1 axb6 17. Nd4 Na4 18. Nb5 Kd7 19. Nf3 f6 20. Bg3 Ra5 21. Nbd4 Nxc3 22. Kh2 Ba3 23. Ne1 Bg6 24. Nec2 Bb2 25. Rae1 Rxa2 26. f4 Be4 27. Rhf1 Rha8 28. Rf2 R2a4 29. h4 h5 30. Ref1 b5 31. Ne1 Ra2 32. f5 e5 33. Ne6 Bc1 34. Nc5+ Kc6 35. Ne6 Bxe3 36. Rxa2 Rxa2 37. Nxg7 b4 38. Nxh5 b3 39. Nxf6 b2 40. Nxe4 Nxe4 41. Nc2 Bc1 42. Nb4+ Kc5 43. Nxa2 b1Q 44. Nxc1 Nf6 45. Bxe5 Ng4+ 46. Kg3 Nxe5 47. f6 Qg6+ 48. Kh2 Ng4+ 49. Kg1 Nxf6 50. Ne2 Ne4 51. Rf3 Qg4 52. Nf4 c3 53. Nd3+ Kd6 54. Ne1 Qxh4 55. Nd3 Qg5 56. Rf1 Qe3+ 57. Nf2 Qxf2+ 58. Rxf2 0-1

[Event "Titled Tuesday intern op 25th Feb Early"]
[Site "Chess.com INT"]
[Date "2025.02.25"]
[Round "2"]
[White "Volkov, Sergey"]
[Black "Alvarado Diaz, Alejandro"]
[Result "1-0"]
[WhiteElo "2397"]
[BlackElo "2484"]
[PlyCount "77"]
[EventDate "2025.02.25"]
[EventType "swiss (blitz)"]
[EventRounds "11"]
[EventCountry "USA"]
[SourceTitle "CB10_2025"]
[SourceDate "2025.03.05"]
[SourceVersion "1"]
[SourceVersionDate "2025.03.05"]
[SourceQuality "1"]

1. d4 Nf6 2. c4 c5 3. d5 b5 4. cxb5 a6 5. e3 axb5 6. Bxb5 Qa5+ 7. Nc3 Bb7 8. Bd2 Qb6 9. a4 Nxd5 10. Nf3 e6 11. 0-0 Be7 12. e4 Nf6 13. Ne5 0-0 14. Nc4 Qc7 15. e5 Ne4 16. Nxe4 Bxe4 17. Qg4 Bf5 18. Qg3 Nc6 19. Bc3 Na7 20. h4 h5 21. Rad1 Nxb5 22. axb5 Rab8 23. b6 Qd8 24. Rd2 Bxh4 25. Qe3 Qe7 26. Rfd1 Rfd8 27. f4 g5 28. Nd6 Bg6 29. f5 exf5 30. Qxc5 Qe6 31. b7 f4 32. Ba5 Rf8 33. Bc7 Rxb7 34. Nxb7 Bg3 35. Rxd7 Qg4 36. Rd8 Rxd8 37. Rxd8+ Kh7 38. Qf8 Bh2+ 39. Kh1 1-0

[Event "Titled Tuesday intern op 25th Feb Early"]
[Site "Chess.com INT"]
[Date "2025.02.25"]
[Round "5"]
[White "Volkov, Sergey"]
[Black "Menahem, Adi"]
[Result "1-0"]
[WhiteElo "2397"]
[BlackElo "2205"]
[PlyCount "71"]
[EventDate "2025.02.25"]
[EventType "swiss (blitz)"]
[EventRounds "11"]
[EventCountry "USA"]
[SourceTitle "CB10_2025"]
[SourceDate "2025.03.05"]
[SourceVersion "1"]
[SourceVersionDate "2025.03.05"]
[SourceQuality "1"]

1. d4 Nf6 2. c4 e6 3. f3 d5 4. Nc3 c5 5. e3 cxd4 6. exd4 dxc4 7. Bxc4 Nc6 8. Nge2 Be7 9. 0-0 0-0 10. Be3 b6 11. a3 Bb7 12. Qd2 Rc8 13. Ba2 Nd5 14. Nxd5 exd5 15. b4 Bf6 16. Nc3 Ne7 17. Bb1 Qd7 18. g4 g6 19. Bd3 Rfe8 20. Kg2 Nc6 21. Ne2 Re7 22. Bf2 Rce8 23. Rac1 h6 24. h4 Bg7 25. Rc2 Re6 26. Rfc1 Nd8 27. Rc7 Qd6 28. Bg3 Qf8 29. h5 g5 30. Bh2 R6e7 31. Ng3 Rxc7 32. Rxc7 Re7 33. Nf5 Rxc7 34. Bxc7 Ne6 35. Bd6 Qc8 36. Ne7+ 1-0

[Event "Titled Tuesday intern op 11th Feb Early"]
[Site "Chess.com INT"]
[Date "2025.02.11"]
[Round "3"]
[White "Dau, Khuong Duy"]
[Black "Volkov, Sergey"]
[Result "1-0"]
[WhiteElo "2411"]
[BlackElo "2397"]
[PlyCount "69"]
[EventDate "2025.02.11"]
[EventType "swiss (blitz)"]
[EventRounds "11"]
[EventCountry "USA"]
[SourceTitle "CB09_2025"]
[SourceDate "2025.02.27"]
[SourceVersion "1"]
[SourceVersionDate "2025.02.27"]
[SourceQuality "1"]

1. e4 e6 2. Qe2 Nf6 3. Nf3 d5 4. d3 Be7 5. g3 b5 6. a4 b4 7. Nbd2 Bb7 8. Bg2 dxe4 9. dxe4 0-0 10. 0-0 Na6 11. Rd1 Nc5 12. Nb3 Qc8 13. Nxc5 Bxc5 14. Ne5 Bd6 15. Nc4 Bc5 16. Bg5 Nd7 17. a5 Re8 18. a6 Bxa6 19. Rxa6 Qxa6 20. Rxd7 h6 21. Bxh6 Rad8 22. Qg4 Bf8 23. Rxd8 Rxd8 24. Bf1 f5 25. Qg6 Rd1 26. Ne3 Rxf1+ 27. Nxf1 fxe4 28. Bf4 Qc6 29. Ne3 a5 30. b3 a4 31. bxa4 Qd7 32. Qxe4 c5 33. a5 Qc8 34. Be5 Qa6 35. Qc4 1-0

[Event "Titled Tuesday intern op 11th Feb Early"]
[Site "Chess.com INT"]
[Date "2025.02.11"]
[Round "10"]
[White "Iljin, Timofey"]
[Black "Volkov, Sergey"]
[Result "1-0"]
[WhiteElo "2253"]
[BlackElo "2397"]
[PlyCount "85"]
[EventDate "2025.02.11"]
[EventType "swiss (blitz)"]
[EventRounds "11"]
[EventCountry "USA"]
[SourceTitle "CB09_2025"]
[SourceDate "2025.02.27"]
[SourceVersion "1"]
[SourceVersionDate "2025.02.27"]
[SourceQuality "1"]

1. e4 e6 2. d4 d5 3. Nd2 Nf6 4. Bd3 c5 5. c3 cxd4 6. cxd4 dxe4 7. Nxe4 Bd7 8. Nf3 Bc6 9. Ng3 Nbd7 10. 0-0 h5 11. Bg5 Qa5 12. h4 Bd6 13. Re1 0-0-0 14. Rc1 Kb8 15. Rxc6 bxc6 16. Ne4 Bb4 17. Re2 Ka8 18. a3 Be7 19. Bd2 Qb6 20. Qa4 Rc8 21. Ba5 Qb7 22. Ne5 Nxe5 23. dxe5 Nd5 24. Nd6 Bxd6 25. exd6 Nb6 26. Qd4 Rhd8 27. Be4 f6 28. Rd2 Rd7 29. Qc5 Nd5 30. Rc2 Qb3 31. Kh2 g5 32. Bc7 Qb7 33. b4 f5 34. Bxd5 cxd5 35. hxg5 f4 36. f3 e5 37. a4 e4 38. fxe4 dxe4 39. b5 f3 40. a5 fxg2 41. a6 Qb6 42. Qd5+ Qc6 43. Qxc6# 1-0

[Event "Titled Tuesday intern op 11th Feb Early"]
[Site "Chess.com INT"]
[Date "2025.02.11"]
[Round "2"]
[White "Volkov, Sergey"]
[Black "Bueno, Alfeu Varela Jr"]
[Result "1-0"]
[WhiteElo "2397"]
[BlackElo "2171"]
[PlyCount "85"]
[EventDate "2025.02.11"]
[EventType "swiss (blitz)"]
[EventRounds "11"]
[EventCountry "USA"]
[SourceTitle "CB09_2025"]
[SourceDate "2025.02.27"]
[SourceVersion "1"]
[SourceVersionDate "2025.02.27"]
[SourceQuality "1"]

1. d4 e6 2. c4 f5 3. g3 Nf6 4. Bg2 d5 5. Nh3 Bd6 6. 0-0 c6 7. Bf4 Be7 8. Nd2 0-0 9. e3 b6 10. Rc1 Bb7 11. a3 h6 12. Bxb8 Rxb8 13. Nf4 Qd7 14. Ng6 Rfe8 15. b4 Bd6 16. Qb3 Kh7 17. Ne5 Bxe5 18. dxe5 Ne4 19. Nf3 c5 20. Rfd1 Qe7 21. b5 dxc4 22. Qxc4 Bd5 23. Qc2 Red8 24. a4 Qc7 25. h3 Rd7 26. g4 Rbd8 27. gxf5 exf5 28. Nh4 Qxe5 29. Nxf5 g6 30. Nh4 Bb7 31. Rxd7+ Rxd7 32. Rd1 Rxd1+ 33. Qxd1 Qd6 34. Qg4 h5 35. Qe2 Nc3 36. Qc2 Bxg2 37. Kxg2 Qd1 38. Qxg6+ Kh8 39. Qf6+ Kh7 40. Qxc3 Qd5+ 41. Nf3 Qg8+ 42. Kf1 Qd5 43. Qc2+ 1-0

[Event "Titled Tuesday intern op 11th Feb Early"]
[Site "Chess.com INT"]
[Date "2025.02.11"]
[Round "5"]
[White "Volkov, Sergey"]
[Black "Martinez Alcantara, Jose Eduardo"]
[Result "0-1"]
[WhiteElo "2397"]
[BlackElo "2606"]
[PlyCount "86"]
[EventDate "2025.02.11"]
[EventType "swiss (blitz)"]
[EventRounds "11"]
[EventCountry "USA"]
[SourceTitle "CB09_2025"]
[SourceDate "2025.02.27"]
[SourceVersion "1"]
[SourceVersionDate "2025.02.27"]
[SourceQuality "1"]

1. d4 e6 2. e4 d5 3. exd5 exd5 4. Nf3 Bd6 5. c4 c6 6. cxd5 cxd5 7. Nc3 Ne7 8. Bd3 Nbc6 9. h3 h6 10. 0-0 0-0 11. Re1 Be6 12. a3 Qd7 13. Be3 Bf5 14. Bf1 Rad8 15. Rc1 Rfe8 16. Qd2 a6 17. Bf4 Bxf4 18. Qxf4 Ng6 19. Qd2 Be4 20. Nh2 Qd6 21. Rcd1 Bf5 22. Nf3 Be4 23. Nh2 Bf5 24. Nf3 b5 25. Re3 Be6 26. Rde1 Rb8 27. Ne5 Ngxe5 28. dxe5 Qc5 29. Rg3 Kh8 30. Qf4 b4 31. Ne2 bxa3 32. bxa3 d4 33. Rc1 Qd5 34. Rxg7 Kxg7 35. Qf6+ Kg8 36. Qxh6 Ne7 37. Nf4 Qxe5 38. Nh5 Ng6 39. Bd3 Rec8 40. Rxc8+ Rxc8 41. Bxg6 fxg6 42. Qxg6+ Kf8 43. Nf6 Rc1# 0-1